[Event "World Youth Open U14 2016"]
[Site "Khanty-Mansiysk RUS"]
[Date "2016.09.30"]
[Round "8.31"]
[White "Akulov, Lev"]
[Black "Ogorodnikov, Nikolai"]
[Result "1-0"]
[WhiteElo "1810"]
[BlackElo "1774"]
[WhiteFideId "242853"]
[BlackFideId "34164984"]
[EventDate "2016.09.22"]

1. e4 e6 2. d4 d5 3. Nc3 Nf6 4. Bg5 Be7 5. e5 Nfd7 6. h4 a6 7. Qg4 Bxg5 8. hxg5
c5 9. g6 f5 10. Qf4 h6 11. Nf3 Nf8 12. Qg3 Qb6 13. O-O-O cxd4 14. Nxd4 Nc6 15.
Nxf5 exf5 16. Nxd5 Qa5 17. Nf6+ Ke7 18. Qb3 Nxg6 19. Nd5+ Kf8 20. Nb6 Rb8 21.
Nxc8 Rxc8 22. Qxb7 Qc7 23. Bxa6 Qxb7 24. Bxb7 Rc7 25. Bxc6 Rxc6 26. Rd6 Rxd6 27.
exd6 Kf7 28. Rd1 Rd8 29. c4 Ke6 30. c5 Ne5 31. b4 g5 32. Kb2 h5 33. Kb3 f4 34.
b5 g4 35. Rd2 h4 36. Rd4 f3 37. gxf3 h3 38. fxg4 h2 39. Rd1 Nf3 40. Rh1 Kd5 41.
Kb4 Rg8 42. d7 Rxg4+ 43. Ka5 Rg8 44. Kb6 Ke6 45. Kc7 Ke7 46. c6 Rh8 47. b6 Nd4
48. b7 Ne6+ 49. Kb6 Kd6 50. Rxh2 Rb8 51. Rh6 1-0

[Event "World Youth Open U14 2016"]
[Site "Khanty-Mansiysk RUS"]
[Date "2016.09.30"]
[Round "8.32"]
[White "Varbanov, Vladimir"]
[Black "Balashov, Egor"]
[Result "1/2-1/2"]
[WhiteElo "1794"]
[BlackElo "1799"]
[WhiteFideId "2917505"]
[BlackFideId "34125768"]
[EventDate "2016.09.22"]

1. d4 Nf6 2. c4 c5 3. d5 b5 4. Bg5 g6 5. d6 Ne4 6. dxe7 Bxe7 7. Bxe7 Qxe7 8. Nd2
Nc6 9. Ngf3 Nb4 10. e3 bxc4 11. Bxc4 d5 12. Bb5+ Bd7 13. Bxd7+ Qxd7 14. O-O f5
15. Ne5 Qb5 16. Nxe4 fxe4 17. Qg4 O-O 18. Nxg6 hxg6 19. Qxg6+ 1/2-1/2

[Event "World Youth Open U14 2016"]
[Site "Khanty-Mansiysk RUS"]
[Date "2016.09.30"]
[Round "8.33"]
[White "Vaino, Nikita"]
[Black "Kakuk, Tibor"]
[Result "1-0"]
[WhiteElo "1781"]
[BlackElo "1622"]
[WhiteFideId "4504674"]
[BlackFideId "14536749"]
[EventDate "2016.09.22"]

1. d4 d5 2. Nf3 Nf6 3. c4 c6 4. Nc3 e6 5. Bg5 Nbd7 6. e3 Qa5 7. Bxf6 Nxf6 8. a3
Ne4 9. Qc2 Bb4 10. Rc1 Bxc3+ 11. bxc3 Qxa3 12. Bd3 Nf6 13. c5 Qa5 14. O-O O-O
15. Ne5 Qc7 16. f4 g6 17. g4 Kg7 18. Rf3 Nd7 19. Qf2 f6 20. Nxd7 Bxd7 21. h4 e5
22. e4 dxe4 23. Bxe4 Bxg4 24. Rg3 f5 25. dxe5 Rad8 26. Bd3 Qa5 27. e6 Rfe8 28.
Qe3 Re7 29. Qe5+ Kg8 30. Bc4 Rd2 31. Rd3 Rxd3 32. Bxd3 Bf3 33. Qd6 Kf8 34. Bc4
Qc7 35. Qd4 Kg8 36. Re1 Bg4 37. Re3 b6 38. cxb6 axb6 39. Rd3 b5 40. Bb3 c5 41.
Qd8+ Qxd8 42. Rxd8+ Kg7 43. Bd5 Bd1 44. Rc8 c4 45. Rb8 Ba4 46. Kf2 h6 47. Ke3 g5
48. hxg5 hxg5 49. fxg5 Kg6 50. Kf4 Bc2 51. Rxb5 Ba4 52. Rc5 Bb3 53. Rc8 Ba2 54.
Rg8+ Kh7 55. Rf8 Rg7 56. Rf7 1-0

[Event "World Youth Open U14 2016"]
[Site "Khanty-Mansiysk RUS"]
[Date "2016.09.30"]
[Round "8.34"]
[White "Ryabov, Georgi"]
[Black "Thybo, Thomas Sondergaard"]
[Result "0-1"]
[WhiteElo "1572"]
[BlackElo "1971"]
[WhiteFideId "44107315"]
[BlackFideId "1441299"]
[EventDate "2016.09.22"]

1. h4 d5 2. c4 c6 3. e3 Nf6 4. d4 Bf5 5. Nc3 e6 6. cxd5 exd5 7. a3 a5 8. Bd3
Bxd3 9. Qxd3 Nbd7 10. Bd2 Be7 11. Nf3 Qc7 12. b3 b5 13. O-O O-O 14. Rfc1 Qd6 15.
a4 b4 16. Ne2 Ne4 17. Be1 Rfc8 18. Nf4 Qh6 19. g3 Qd6 20. Rd1 h6 21. Rac1 g5 22.
hxg5 hxg5 23. Ng2 Kg7 24. Kf1 Rh8 25. Ke2 g4 26. Nfh4 Bxh4 27. Nxh4 Rxh4 28.
gxh4 Qf6 29. Qc2 c5 30. f4 gxf3+ 31. Kf1 Qf5 32. Qh2 Kh7 33. Bg3 Rg8 34. Bf4 Rg2
35. Qh1 Qxf4 36. exf4 Ng3+ 37. Ke1 Re2# 0-1

[Event "World Youth Open U14 2016"]
[Site "Khanty-Mansiysk RUS"]
[Date "2016.09.30"]
[Round "8.37"]
[White "Slater-Jones, Henry"]
[Black "Horn, Aldo"]
[Result "1-0"]
[WhiteTitle "CM"]
[WhiteElo "1825"]
[BlackElo "1307"]
[WhiteFideId "3222101"]
[BlackFideId "15200744"]
[EventDate "2016.09.22"]

1. d4 d5 2. c4 Nf6 3. Nc3 e6 4. Bg5 c5 5. cxd5 exd5 6. Bxf6 Qxf6 7. Nxd5 Qc6 8.
e4 Be6 9. Bb5 Bd6 10. Bxc6+ Nxc6 11. dxc5 Be5 12. Nf3 O-O 13. Nxe5 Nxe5 14. O-O
Rad8 15. Qb3 Nc6 16. Rfd1 Rfe8 17. f3 1-0

[Event "World Youth Open U14 2016"]
[Site "Khanty-Mansiysk RUS"]
[Date "2016.10.01"]
[Round "9.1"]
[White "Lomasov, Semen"]
[Black "Yakubboev, Nodirbek"]
[Result "1-0"]
[WhiteTitle "FM"]
[WhiteElo "2393"]
[BlackElo "2431"]
[WhiteFideId "24164879"]
[BlackFideId "14203987"]
[EventDate "2016.09.22"]

1. e4 c5 2. Nf3 Nc6 3. Bb5 e6 4. Bxc6 bxc6 5. O-O Ne7 6. b3 d6 7. Bb2 e5 8. c3
f6 9. d4 cxd4 10. cxd4 Ng6 11. Qc2 Qb6 12. Nbd2 Be7 13. Nc4 Qc7 14. Ne3 O-O 15.
Rac1 Bb7 16. Rfd1 Rfd8 17. Nf5 Bf8 18. dxe5 dxe5 19. Nd2 Nf4 20. Nc4 g6 21. Nfe3
Ne6 22. Qe2 c5 23. Qf3 Bg7 24. Nd5 Qf7 25. Na5 Ba6 26. b4 Ng5 27. Qe3 Nxe4 28.
Nc6 Rxd5 29. Rxd5 Bb7 30. Rd8+ Rxd8 31. Nxd8 Qxa2 32. Nxb7 Qxb2 33. Re1 f5 34.
Nxc5 Bh6 35. Qe2 Qxb4 36. Nxe4 fxe4 37. Qxe4 Qxe4 38. Rxe4 a5 39. Rxe5 Bd2 40.
Re7 h5 41. Kf1 Bb4 42. Ra7 Kf8 43. Ke2 Kg8 44. f3 h4 45. f4 1-0

[Event "World Youth Open U14 2016"]
[Site "Khanty-Mansiysk RUS"]
[Date "2016.10.01"]
[Round "9.2"]
[White "Esipenko, Andrey"]
[Black "Zarubitski, Viachaslau"]
[Result "1/2-1/2"]
[WhiteTitle "FM"]
[BlackTitle "FM"]
[WhiteElo "2490"]
[BlackElo "2340"]
[WhiteFideId "24175439"]
[BlackFideId "13509373"]
[EventDate "2016.09.22"]

1. d4 d5 2. Nf3 Nf6 3. c4 c6 4. Nc3 dxc4 5. a4 Bf5 6. Ne5 Nbd7 7. Nxc4 Qc7 8. g3
e5 9. dxe5 Nxe5 10. Bf4 Nfd7 11. Bg2 g5 12. Ne3 gxf4 13. Nxf5 O-O-O 14. Qc2 Nc5
15. O-O fxg3 16. hxg3 a5 17. Rfd1 h5 18. Rxd8+ Qxd8 19. Rd1 Qf6 20. Ne4 Nxe4 21.
Qxe4 Bc5 22. e3 Kc7 23. Qc2 Kb6 24. Be4 Rg8 25. Qb3+ Kc7 26. Qc3 Bb4 27. Qd4
Nf3+ 28. Bxf3 Qxf5 29. Be4 Qe6 30. Bh7 Re8 31. Bd3 Qe5 32. Bc4 f6 33. Kg2 Rh8
34. Qd7+ Kb6 35. Qd4+ Kc7 36. Qxe5+ fxe5 37. Rh1 Be7 38. Kf3 h4 39. Ke4 Bf6 40.
g4 Kd6 41. b3 Kc5 42. f4 exf4 43. exf4 b5 44. Bf7 h3 45. g5 Bc3 46. axb5 cxb5
47. Rh2 Kd6 48. Kf3 Rh4 49. Be8 1/2-1/2

[Event "World Youth Open U14 2016"]
[Site "Khanty-Mansiysk RUS"]
[Date "2016.10.01"]
[Round "9.3"]
[White "Teclaf, Pawel"]
[Black "Davtyan, Artur"]
[Result "1/2-1/2"]
[WhiteTitle "CM"]
[BlackTitle "FM"]
[WhiteElo "2342"]
[BlackElo "2280"]
[WhiteFideId "1185934"]
[BlackFideId "13308327"]
[EventDate "2016.09.22"]

1. e4 e6 2. d4 d5 3. Nd2 c5 4. exd5 Qxd5 5. Ngf3 cxd4 6. Bc4 Qd6 7. Qe2 Nf6 8.
Nb3 Nc6 9. Bg5 a6 10. O-O-O b5 11. Bd3 Bd7 12. Bxf6 Qf4+ 13. Kb1 Qxf6 14. Be4
Rd8 15. Nfxd4 Ne5 16. Na5 Bc5 17. Nf3 Nxf3 18. Bxf3 Bc8 19. Bc6+ Kf8 20. Bf3
Rxd1+ 21. Rxd1 g6 22. Nb3 Be7 23. c4 bxc4 24. Qxc4 Kg7 25. Qc7 e5 26. Ka1 Bf5
27. Re1 Bb4 28. Re3 Qd6 29. Qxd6 Bxd6 30. Be2 Rd8 31. a3 Bc7 32. Rc3 Bb6 33. f3
Rd6 34. g4 Be6 35. Nc5 Bxc5 36. Rxc5 Kf6 37. Kb1 Bb3 38. Kc1 Bd5 39. b4 Kg5 40.
a4 Kf4 41. Rc3 f5 42. b5 axb5 43. axb5 e4 44. fxe4 fxe4 45. Kd2 Be6+ 46. Ke1
Bxg4 47. Bxg4 Kxg4 48. Ke2 Rb6 49. Rb3 Kf4 50. Rh3 h5 51. Rh4+ Kf5 52. Ke3 g5
53. Rxh5 Rxb5 54. h4 Rb3+ 55. Ke2 Rb2+ 56. Ke3 Rb3+ 57. Ke2 Kf4 58. hxg5 Rb2+
59. Ke1 Kg4 60. Rh8 Kxg5 61. Rh3 Kg4 62. Re3 Kf4 63. Ra3 Rc2 64. Rh3 1/2-1/2

[Event "World Youth Open U14 2016"]
[Site "Khanty-Mansiysk RUS"]
[Date "2016.10.01"]
[Round "9.4"]
[White "Shevchenko, Kirill"]
[Black "Shubin, Kirill"]
[Result "1/2-1/2"]
[WhiteTitle "FM"]
[BlackTitle "FM"]
[WhiteElo "2438"]
[BlackElo "2304"]
[WhiteFideId "14129574"]
[BlackFideId "34119962"]
[EventDate "2016.09.22"]

1. e4 e6 2. d4 d5 3. Nd2 Nf6 4. e5 Nfd7 5. Bd3 c5 6. c3 Nc6 7. Ne2 cxd4 8. cxd4
f6 9. exf6 Qxf6 10. Nf3 h6 11. O-O Bd6 12. Bc2 O-O 13. Ng3 Rf7 14. a3 Nf8 15.
Re1 Bd7 16. b4 a6 17. Bb2 Be8 18. Rc1 Rc7 19. Ne5 Rac8 20. Re3 Qg5 21. Nf3 Qf6
22. Ne5 Bxe5 23. dxe5 Qg5 24. Bb1 Bg6 25. Qf1 Rf7 26. Ba2 Rd8 27. Ree1 h5 28.
Rcd1 h4 29. Bc1 Qe7 30. Ne2 h3 31. Nf4 hxg2 32. Qxg2 Bc2 33. Nh5 Bxd1 34. Nf6+
Rxf6 35. exf6 Qxf6 36. Rxd1 Qg6 37. Bg5 Qc2 38. Rd2 Qc1+ 39. Qf1 Qxf1+ 40. Kxf1
Rd7 41. Bf4 Ng6 42. Bg3 Kf7 43. Ke2 Nge7 44. f3 e5 45. Bf2 Ke6 46. Bc5 Nf5 47.
Kf2 Nfd4 48. Rd3 Rf7 49. Kg2 Rf4 50. Rd2 e4 51. fxe4 Rxe4 52. Kf1 Rf4+ 53. Kg2
Ke5 54. Bb6 Rf7 55. Rd3 Rd7 56. Re3+ Kf6 57. Rd3 Ne6 58. Rf3+ Ke7 59. Re3 Kd6
60. Kf1 Rf7+ 61. Ke1 Rf4 62. Rg3 g5 63. Rh3 Rf7 64. Rh6 Ke5 65. h4 gxh4 66. Rh5+
Rf5 67. Rxh4 Ncd4 68. Rh7 Nc2+ 69. Kd2 Nxa3 70. Rxb7 1/2-1/2

[Event "World Youth Open U14 2016"]
[Site "Khanty-Mansiysk RUS"]
[Date "2016.10.01"]
[Round "9.5"]
[White "Remizov, Yaroslav"]
[Black "Iniyan, P"]
[Result "1/2-1/2"]
[WhiteElo "2218"]
[BlackElo "2368"]
[WhiteFideId "34134015"]
[BlackFideId "25002767"]
[EventDate "2016.09.22"]

1. e4 c5 2. Nf3 d6 3. d4 cxd4 4. Nxd4 a6 5. Nc3 e6 6. Be3 Nf6 7. g4 b5 8. g5
Nfd7 9. a3 Bb7 10. h4 Nb6 11. f4 Na4 12. Nxa4 Bxe4 13. Nxb5 Bxh1 14. Bb6 Qd7 15.
Nc7+ Ke7 16. Nc3 Ra7 17. N3d5+ Bxd5 18. Nxd5+ Ke8 19. Bxa7 Qxa7 20. Qe2 Qd4 21.
Rd1 Qxb2 22. Qc4 Qb7 23. Nc7+ Kd8 24. Nxa6 d5 25. Nxb8 Qxb8 26. Qc6 Bxa3 27. Ra1
Qa7 28. Rxa3 Qxa3 29. Qb6+ Kc8 30. Ba6+ Kd7 31. Bb5+ 1/2-1/2

[Event "World Youth Open U14 2016"]
[Site "Khanty-Mansiysk RUS"]
[Date "2016.10.01"]
[Round "9.6"]
[White "Zhalmakhanov, Ramazan"]
[Black "Zhao, Chenxi"]
[Result "0-1"]
[WhiteElo "2211"]
[BlackElo "2124"]
[WhiteFideId "13706357"]
[BlackFideId "8611513"]
[EventDate "2016.09.22"]

1. e4 c5 2. Nf3 e6 3. d4 cxd4 4. Nxd4 Nc6 5. Nc3 Qc7 6. Be3 a6 7. f4 b5 8. Nb3
d6 9. Bd3 Nf6 10. Qf3 Be7 11. O-O Bb7 12. a4 b4 13. Nb1 O-O 14. N1d2 Nb8 15. Qh3
Nbd7 16. Rae1 e5 17. Kh1 Bc8 18. Qf3 exf4 19. Bxf4 Ne5 20. Qe3 Nh5 21. Nd4 Nxf4
22. Qxf4 Bf6 23. Qe3 Qa7 24. N2b3 Ng4 25. Qg1 Be5 26. h3 Bh2 27. Nc6 Qxg1+ 28.
Rxg1 Bxg1 29. Kxg1 Ne5 30. Nxb4 Rb8 31. Nxa6 Nxd3 0-1

[Event "World Youth Open U14 2016"]
[Site "Khanty-Mansiysk RUS"]
[Date "2016.10.01"]
[Round "9.7"]
[White "Sargsyan, Shant"]
[Black "Peng, Hongchi"]
[Result "1-0"]
[WhiteTitle "CM"]
[WhiteElo "2440"]
[BlackElo "2241"]
[WhiteFideId "13306766"]
[BlackFideId "8609047"]
[EventDate "2016.09.22"]

1. d4 Nf6 2. c4 e6 3. Nf3 d5 4. Nc3 Bb4 5. Bg5 Nbd7 6. e3 O-O 7. cxd5 exd5 8.
Bd3 c5 9. O-O Qa5 10. Qc2 c4 11. Bf5 Re8 12. Nd2 g6 13. Bh3 Bxc3 14. bxc3 Ne4
15. Nxe4 dxe4 16. Bxd7 Bxd7 17. Bf4 Qd5 18. a4 Re6 19. Rfb1 g5 20. Be5 h5 21. h3
Rh6 22. Qe2 b6 23. Rb4 Rc8 24. Rab1 h4 25. Kf1 f6 26. Bh2 Rg6 27. Qh5 Kg7 28.
Ke1 Rh6 29. Qe2 Rg6 30. Kd2 g4 31. hxg4 Bxg4 32. Qf1 Bd7 33. Bf4 Qf5 34. Qh1 Rg4
35. Qh2 Qg6 36. Rg1 Rh8 37. Kc1 h3 38. Bg3 Rg5 39. gxh3 Rxh3 40. Qg2 Be6 41.
Rxc4 Qf5 42. Rc7+ Kg6 43. c4 Qf3 44. Kd2 Qxg2 45. Rxg2 Rh7 46. Rxh7 Kxh7 47.
Rh2+ Kg6 48. Kc3 Bd7 49. d5 Bxa4 50. Kd4 b5 51. c5 b4 52. Rh8 Kf7 53. c6 Rg8 54.
Rh7+ Rg7 55. Rh1 a5 56. Ra1 Bc2 57. Rxa5 b3 58. Ra7+ Kg6 59. Rxg7+ Kxg7 60. Kc3
Bd3 61. d6 1-0

[Event "World Youth Open U14 2016"]
[Site "Khanty-Mansiysk RUS"]
[Date "2016.10.01"]
[Round "9.8"]
[White "Peng, David T"]
[Black "Pavlov, Danila"]
[Result "1-0"]
[WhiteTitle "FM"]
[WhiteElo "2273"]
[BlackElo "2157"]
[WhiteFideId "2059355"]
[BlackFideId "34126594"]
[EventDate "2016.09.22"]

1. e4 e6 2. d4 d5 3. Nd2 c5 4. exd5 Qxd5 5. Ngf3 cxd4 6. Bc4 Qd6 7. O-O Nf6 8.
Nb3 Nc6 9. Nbxd4 Nxd4 10. Nxd4 a6 11. Re1 Qc7 12. Qe2 Bd6 13. Bg5 O-O 14. Bxf6
gxf6 15. Qg4+ Kh8 16. Qh4 Be7 17. Re3 f5 18. Qh5 Qf4 19. Rh3 h6 20. Nf3 Rg8 21.
Ne5 Bg5 22. Re1 Qd2 23. Nf3 Qa5 24. c3 Qd8 25. Nxg5 Qf6 26. Qxh6+ Qxh6 27. Rxh6+
Kg7 28. Rh4 b5 29. Bb3 Bd7 30. Rd4 Bc6 31. Rd6 Rac8 32. Nxe6+ fxe6 33. Bxe6 1-0

[Event "World Youth Open U14 2016"]
[Site "Khanty-Mansiysk RUS"]
[Date "2016.10.01"]
[Round "9.9"]
[White "Blohberger, Felix"]
[Black "Tomasi, Albert"]
[Result "1-0"]
[WhiteTitle "FM"]
[WhiteElo "2256"]
[BlackElo "2200"]
[WhiteFideId "1632051"]
[BlackFideId "26063620"]
[EventDate "2016.09.22"]

1. d4 d5 2. Bf4 Nf6 3. e3 e6 4. Nf3 c5 5. c3 Nc6 6. Nbd2 Bd6 7. Ne5 Qc7 8. Ndf3
Nd7 9. Bb5 f6 10. Nd3 c4 11. Bxd6 Qxd6 12. Nf4 a6 13. Ba4 b5 14. Bc2 Nb6 15. Nh5
Qe7 16. e4 Bb7 17. O-O O-O-O 18. Re1 Qf7 19. Nf4 g5 20. exd5 gxf4 21. dxc6 Bxc6
22. Qe2 Rhg8 23. Be4 Bd5 24. a4 Qb7 25. axb5 axb5 26. Nd2 f5 27. Bf3 Rg6 28. Qe5
Rdg8 29. Qd6 Nd7 30. Kf1 Bxf3 31. Nxf3 Rxg2 32. Rxe6 Rd8 33. Re7 1-0

[Event "World Youth Open U14 2016"]
[Site "Khanty-Mansiysk RUS"]
[Date "2016.10.01"]
[Round "9.10"]
[White "Ibrahimli, Murad"]
[Black "Stoleriu, George"]
[Result "1-0"]
[WhiteElo "2203"]
[BlackElo "2247"]
[WhiteFideId "13410229"]
[BlackFideId "1227505"]
[EventDate "2016.09.22"]

1. d4 e6 2. c4 c5 3. Nf3 cxd4 4. Nxd4 b6 5. Nb5 a6 6. Nd6+ Bxd6 7. Qxd6 Nc6 8.
Nc3 Qe7 9. Qg3 f5 10. Bf4 Qf6 11. O-O-O Nge7 12. e4 O-O 13. e5 Qf7 14. Be2 Rb8
15. h4 Kh8 16. h5 h6 17. Rd6 Rd8 18. Be3 f4 19. Qxf4 Rf8 20. Qxf7 Rxf7 21. g4
Nxe5 22. Rxb6 Rxb6 23. Bxb6 Bb7 24. Rg1 Bf3 25. b3 Bxe2 26. Nxe2 d5 27. cxd5
Nxd5 28. Bd4 Nd3+ 29. Kb1 e5 30. Rg3 Nxf2 31. Bxe5 Ne4 32. Rd3 Rf1+ 33. Kb2 Ndf6
34. Nf4 Kg8 35. Ng6 Kf7 36. Rd8 Ke6 37. Bd4 Nd6 38. Ra8 Nd5 39. Rxa6 Nc7 40. Rc6
Nb5 41. Bxg7 Rf7 42. Be5 Kd5 43. Rc2 Ne4 44. a4 Na7 45. Bf4 Nc6 46. Rxc6 Rxf4
47. Nxf4+ Kxc6 48. Ng2 Kc5 49. Ne3 Nf6 50. Kc3 Ne4+ 51. Kb2 Nf6 52. Ka3 Kc6 53.
b4 1-0

[Event "World Youth Open U14 2016"]
[Site "Khanty-Mansiysk RUS"]
[Date "2016.10.01"]
[Round "9.11"]
[White "Sam, Gabriel"]
[Black "Pitzanti, Matteo"]
[Result "0-1"]
[WhiteElo "2069"]
[BlackElo "2175"]
[WhiteFideId "75000776"]
[BlackFideId "890693"]
[EventDate "2016.09.22"]

1. e4 c6 2. d4 d5 3. Nc3 dxe4 4. Nxe4 Bf5 5. Ng3 Bg6 6. Nf3 Nd7 7. h4 h6 8. h5
Bh7 9. Bd3 Bxd3 10. Qxd3 e6 11. Bd2 Qc7 12. O-O-O Ngf6 13. Ne4 O-O-O 14. g3 Nxe4
15. Qxe4 Nf6 16. Qe2 Bd6 17. c4 c5 18. Bc3 cxd4 19. Nxd4 a6 20. Kb1 Rd7 21. Nb3
Qc6 22. Rc1 Bc7 23. Rhe1 Rhd8 24. Nd2 Qc5 25. Rh1 Bb6 26. Ne4 Qf5 27. f3 Bd4 28.
g4 Qe5 29. Bb4 Nxe4 30. fxe4 a5 31. Ba3 Bc5 32. Rc2 Rd2 33. Qf3 Bxa3 34. bxa3
R8d3 35. Qxf7 Rxc2 36. Kxc2 Rc3+ 37. Kb1 Qxe4+ 38. Kb2 Rc2+ 0-1

[Event "World Youth Open U14 2016"]
[Site "Khanty-Mansiysk RUS"]
[Date "2016.10.01"]
[Round "9.12"]
[White "Nielsen, Andre"]
[Black "Ivic, Velimir"]
[Result "0-1"]
[BlackTitle "FM"]
[WhiteElo "2025"]
[BlackElo "2264"]
[WhiteFideId "1518240"]
[BlackFideId "950122"]
[EventDate "2016.09.22"]

1. e4 c5 2. Nf3 e6 3. d4 cxd4 4. Nxd4 Nf6 5. Nc3 d6 6. Bg5 Be7 7. Qd2 O-O 8.
O-O-O a6 9. f4 Qc7 10. Bxf6 Bxf6 11. g4 b5 12. g5 Bxd4 13. Qxd4 Rd8 14. Qf2 Bb7
15. Bd3 Nd7 16. Kb1 b4 17. Ne2 Qb6 18. Qh4 Nc5 19. Ng3 Na4 20. Ne2 Nc3+ 21. Nxc3
bxc3 22. b3 Qb4 23. Qe1 Rdc8 24. Ka1 Rc5 25. Rb1 Ra5 26. Qc1 Rc8 27. Rd1 Rcc5
28. Bc4 Rxa2+ 0-1

[Event "World Youth Open U14 2016"]
[Site "Khanty-Mansiysk RUS"]
[Date "2016.10.01"]
[Round "9.13"]
[White "Quirhuayo Chumbe, German Gonzalo"]
[Black "Yeritsyan, Aram"]
[Result "1-0"]
[WhiteTitle "FM"]
[WhiteElo "2255"]
[BlackElo "2117"]
[WhiteFideId "3813509"]
[BlackFideId "34161047"]
[EventDate "2016.09.22"]

1. e4 c5 2. Nf3 d6 3. d4 cxd4 4. Nxd4 Nf6 5. Nc3 e6 6. g4 h6 7. h4 Nc6 8. Rg1 h5
9. gxh5 Nxh5 10. Be3 Nf6 11. Qd2 Rxh4 12. O-O-O Nxd4 13. Qxd4 e5 14. Qb4 d5 15.
Qb3 d4 16. Bg5 Rh5 17. Qb5+ Bd7 18. Qxe5+ Be7 19. Qxd4 Bc6 20. Qc4 Qc7 21. Nb5
Qb8 22. Bxf6 Qf4+ 23. Kb1 Rxb5 24. Qxb5 Bxf6 25. Qb3 Qxf2 26. Bc4 Qb6 27. Bxf7+
Kf8 28. Qxb6 axb6 29. Bd5 Ke7 30. Rge1 Be5 31. Rf1 Bf6 32. c4 Rh8 33. Rh1 Rf8
34. Rdf1 Kd6 35. Rh5 Re8 36. Rf2 Re7 37. Rf3 Be8 38. Rhf5 Be5 39. b4 Bg6 40. Rf8
Rc7 41. a4 Ke7 42. Rg8 Be8 43. Rff8 1-0

[Event "World Youth Open U14 2016"]
[Site "Khanty-Mansiysk RUS"]
[Date "2016.10.01"]
[Round "9.14"]
[White "Semjonovs, Ilja"]
[Black "Juksta, Karolis"]
[Result "1/2-1/2"]
[WhiteElo "2245"]
[BlackElo "2046"]
[WhiteFideId "11604263"]
[BlackFideId "12809039"]
[EventDate "2016.09.22"]

1. Nf3 c5 2. e4 Nc6 3. Bb5 e6 4. O-O Nge7 5. b3 a6 6. Bxc6 Nxc6 7. Bb2 f6 8. d4
cxd4 9. Nxd4 Be7 10. Qh5+ g6 11. Qh6 Kf7 12. c4 b6 13. Nd2 Qf8 14. Qe3 Bc5 15.
b4 Nxb4 16. Qf3 e5 17. a3 Bxd4 18. Bxd4 Qd6 19. Bxe5 Qxe5 20. axb4 Bb7 21. Qe3
Qe6 22. Qd4 Rhe8 23. f3 Rac8 24. c5 bxc5 25. bxc5 Qe5 26. Qxe5 Rxe5 27. Nc4
Rexc5 28. Nd6+ Ke6 29. Nxc8 Rxc8 30. Rfb1 Rc7 31. Kf2 d5 32. Rb6+ Ke5 33. Ra5 f5
34. exd5 Bxd5 35. Rbxa6 f4 36. h4 Rc1 37. Ra1 Rxa1 38. Rxa1 h6 39. Ra6 Bf7 40.
h5 gxh5 41. Rxh6 Kf5 42. g3 Kg5 43. Rh8 fxg3+ 44. Kxg3 Bd5 45. f4+ Kg6 46. Rb8
Be6 47. Rb6 Kf5 48. Rb5+ Kg6 49. Rg5+ Kh6 50. Kh4 Bf7 51. Rf5 Kg7 52. Kg5 Bg6
53. Ra5 Be8 54. f5 Bf7 55. Ra7 h4 56. f6+ Kf8 57. Kxh4 Be6 58. Kg5 Bb3 59. Rb7
Bc4 60. Kf4 Bd5 61. Ra7 Bb3 62. Ke5 Bc4 63. Rb7 Ba2 64. Kf5 Bd5 65. Rh7 Ba2 66.
Kg5 Bb3 67. Rc7 Bd5 68. Kf5 Ba2 69. Ke5 Bb3 1/2-1/2

[Event "World Youth Open U14 2016"]
[Site "Khanty-Mansiysk RUS"]
[Date "2016.10.01"]
[Round "9.15"]
[White "Thilakarathne, G M H"]
[Black "Olsen, Filip Boe"]
[Result "1/2-1/2"]
[WhiteTitle "CM"]
[BlackTitle "FM"]
[WhiteElo "2028"]
[BlackElo "2241"]
[WhiteFideId "9912053"]
[BlackFideId "1440640"]
[EventDate "2016.09.22"]

1. e4 c6 2. d4 d5 3. e5 Bf5 4. Nf3 e6 5. Be2 c5 6. O-O Nc6 7. c3 cxd4 8. Nxd4
Nge7 9. Nxf5 Nxf5 10. Bd3 g6 11. Re1 Qc7 12. Qe2 h5 13. Nd2 Be7 14. Nf3 O-O 15.
Bxf5 exf5 16. e6 Bd6 17. Bh6 Rfe8 18. exf7+ Qxf7 19. Qd2 Bf8 20. Bxf8 Kxf8 21.
h4 1/2-1/2

[Event "World Youth Open U14 2016"]
[Site "Khanty-Mansiysk RUS"]
[Date "2016.10.01"]
[Round "9.16"]
[White "Golikov, Daniil"]
[Black "Roseneck, Jonas"]
[Result "1-0"]
[WhiteElo "2114"]
[BlackElo "2178"]
[WhiteFideId "24170623"]
[BlackFideId "12939870"]
[EventDate "2016.09.22"]

1. d4 Nf6 2. c4 g6 3. Nc3 Bg7 4. e4 d6 5. Be2 O-O 6. Bg5 c5 7. d5 h6 8. Bf4 a6
9. f3 b5 10. cxb5 axb5 11. Bxb5 Qa5 12. Ne2 Ba6 13. Bxa6 Nxa6 14. Qd2 Kh7 15.
O-O Nd7 16. b3 Rfb8 17. Rab1 Nb4 18. Na4 c4 19. Rfc1 cxb3 20. axb3 Ne5 21. Nd4
Nbd3 22. Qxa5 Rxa5 23. Bxe5 Bxe5 24. Nc6 Nxc1 25. Nxa5 Ne2+ 26. Kf1 Nd4 27. b4
Nc2 28. Nc6 Rb5 29. Ke2 Nd4+ 30. Kd3 Nxc6 31. dxc6 d5 32. Nc3 dxe4+ 33. fxe4 Rb6
34. b5 e6 35. Na4 Rb8 36. b6 1-0

[Event "World Youth Open U14 2016"]
[Site "Khanty-Mansiysk RUS"]
[Date "2016.10.01"]
[Round "9.17"]
[White "Zhou, Junfeng"]
[Black "Bharambe, Bhavik C"]
[Result "1-0"]
[WhiteElo "2125"]
[BlackElo "2104"]
[WhiteFideId "8615330"]
[BlackFideId "25019244"]
[EventDate "2016.09.22"]

1. c4 Nf6 2. Nc3 e6 3. e4 d5 4. e5 Ne4 5. Nf3 Be7 6. Qc2 Nxc3 7. dxc3 c5 8. Bf4
Nc6 9. O-O-O g5 10. Bg3 g4 11. Nd2 Bd7 12. h3 gxh3 13. Rxh3 h6 14. Kb1 Qc7 15.
cxd5 Nxe5 16. Nc4 exd5 17. Bxe5 Qc8 18. Bxh8 Bf5 19. Bd3 Bxh3 20. gxh3 dxc4 21.
Bf5 Qc7 22. Bd7+ Kd8 23. Bb5+ 1-0

[Event "World Youth Open U14 2016"]
[Site "Khanty-Mansiysk RUS"]
[Date "2016.10.01"]
[Round "9.18"]
[White "Tarun, V Kanth"]
[Black "Miyasaka, Marcus M"]
[Result "0-1"]
[BlackTitle "FM"]
[WhiteElo "1954"]
[BlackElo "2269"]
[WhiteFideId "25012185"]
[BlackFideId "2073102"]
[EventDate "2016.09.22"]

1. b3 d5 2. Bb2 c5 3. e3 a6 4. Nf3 Nc6 5. d4 Nf6 6. Be2 cxd4 7. Nxd4 Qc7 8. O-O
e5 9. Nxc6 bxc6 10. c4 Bd6 11. cxd5 cxd5 12. Nc3 Bb7 13. Rc1 Qe7 14. Qc2 O-O 15.
Rfd1 Rad8 16. Na4 Ne4 17. Bd3 f5 18. Nb6 Bb8 19. a4 a5 20. Bb5 Rf6 21. Nxd5 Bxd5
22. Rxd5 Rxd5 23. Bc4 Qc5 24. Ba3 Qxa3 25. Bxd5+ Kh8 26. f3 Ba7 27. Kf1 Bxe3 28.
Re1 Nd2+ 29. Ke2 f4 30. Rd1 Qd6 31. Rxd2 Bxd2 32. Qxd2 Rf8 33. Bc4 Rd8 34. Qxd6
Rxd6 35. g4 fxg3 36. hxg3 h5 0-1